000
00441nam a2200145Ia 4500
008
100204s9999 xx 000 0 und d
082
_b
23831
100
_a
परचुरे श्री. दि.
245
_a
विंदादा
260
_b
"ग्रंथाली प्रकाशन , मुंबई"
_c
1998
300
_a
119
630
_a
विंदादा
730
_a
विंदादा
942
_c
BOOK
999
_c
468857
_d
468854